000 00771nam a2200253Ia 4500
003 OSt
005 20220918185409.0
006 a|||||r|||| 00| 0
007 ta
008 220917b |||||||| |||| 00| 0 eng d
024 _a50,878
037 _cTextual
040 _aARTS
_cARTS
_beng
041 _2eng
_aeng
082 _aP111:1f3.N5, K6 (PD)
100 _aKolb Eduard
_968885
245 0 _aPhonological atlas of the Northern region
_b The six northern countries , North Lincolnshire and the Isle of Man
260 _aBern
_bFrancke Verlag
_c1966
300 _a390p. illus
_ccm.
490 _aLinguistic atlas of England
650 _aLINGUISTICS
942 _hP111:1f3.N5, K6 (PD)
_cTEXL
_2CC
999 _c180473
_d180473